Effectiveness of Parents' Absence to the Academic Performance/ (Record no. 79830)
[ view plain ]
| 000 -LEADER | |
|---|---|
| fixed length control field | 01283nam a22002537a 4500 |
| 003 - CONTROL NUMBER IDENTIFIER | |
| control field | URS |
| 005 - DATE AND TIME OF LATEST TRANSACTION | |
| control field | 20240509180849.0 |
| 008 - FIXED-LENGTH DATA ELEMENTS--GENERAL INFORMATION | |
| fixed length control field | 240509b |||||||| |||| 00| 0 eng d |
| 050 00 - LIBRARY OF CONGRESS CALL NUMBER | |
| Classification number | UGT-MATH-LG 221.R59 D133 |
| Item number | 2019 |
| 100 10 - MAIN ENTRY--PERSONAL NAME | |
| Personal name | Dagle, Gina Orales |
| Relator term | Researchers |
| 245 10 - TITLE STATEMENT | |
| Title | <a href="Effectiveness of Parents' Absence to the Academic Performance/">Effectiveness of Parents' Absence to the Academic Performance/</a> |
| Remainder of title | of Grads School Pupils |
| Statement of responsibility, etc | Dagle, Gina Orales;[et..al] |
| 260 #1 - PUBLICATION, DISTRIBUTION, ETC. (IMPRINT) | |
| Date of publication, distribution, etc | 2019 |
| 300 ## - PHYSICAL DESCRIPTION | |
| Extent | xi, 77leaves |
| Other physical details | illstration |
| Dimensions | 28cm |
| 336 ## - CONTENT TYPE | |
| Source | rdacontent |
| Content type term | text |
| 337 ## - MEDIA TYPE | |
| Source | rdamedia |
| Media type term | unmediated |
| 338 ## - CARRIER TYPE | |
| Source | rdacarrier |
| Carrier type term | volume |
| 502 ## - DISSERTATION NOTE | |
| Dissertation note | Undergraduate Thesis<br/> |
| Degree type | Math<br/> |
| Name of granting institution | University of Rizal System, Rodriguez, Rizal<br/><br/> |
| Year degree granted | 2019 |
| 520 ## - SUMMARY, ETC. | |
| Summary, etc | This study aimed to determine the effects of parents' absence to the academic performance of grade school pupils of Papaya Academy Incorporated during school year 2018-2019.<br/>This study utilized the qualitative method of research which attempted to describe related situation and problems. The data were gathered from the respondents, whose parents were absent as their progressed in their studies. |
| 650 ## - SUBJECT ADDED ENTRY--TOPICAL TERM | |
| Source of heading or term | qualitative research |
| 700 ## - ADDED ENTRY--PERSONAL NAME | |
| Personal name | Dela Victoria, Arien Orbita |
| Relator term | Researchers |
| 700 ## - ADDED ENTRY--PERSONAL NAME | |
| Personal name | Sison, Romar Crisostomo |
| Relator term | Researchers |
| 700 ## - ADDED ENTRY--PERSONAL NAME | |
| Personal name | Cortez, May A. |
| Relator term | Adviser |
| 942 ## - ADDED ENTRY ELEMENTS (KOHA) | |
| Source of classification or shelving scheme | Library of Congress Classification |
| Koha item type | Theses and dissertations |
| Withdrawn status | Source of classification or shelving scheme | Damaged status | Not for loan | Home library | Current library | Shelving location | Date acquired | Total Checkouts | Full call number | Barcode | Date last seen | Copy number | Price effective from | Koha item type |
|---|---|---|---|---|---|---|---|---|---|---|---|---|---|---|
| Library of Congress Classification | Not For Loan | Rodriguez College Library | Rodriguez College Library | Undergraduate Theses | 05/08/2024 | LG 221.R59 D133 2019 | URSROD-UGT-MATH-0708 | 05/09/2024 | c1 | 05/09/2024 | Theses and dissertations |